Statistics for [路線図付き] JR東日本 中央線快速 駅名穴埋めクイズ

Click here to take the quiz!

General Stats

  • This quiz has been taken 785 times
  • The average score is 21 of 24

Answers on the Map

Answers color-coded by a green-red scale on the quiz's map according to % correct below.
 

Answer Stats

Answer% Correct
中央線快速JC01東京
99%
中央線快速JC05新宿
97%
中央線快速JC02神田
96%
中央線快速JC03御茶ノ水
95%
中央線快速JC06中野
94%
中央線快速JC22八王子
94%
中央線快速JC12三鷹
93%
中央線快速JC19立川
93%
中央線快速JC04四ツ谷
92%
中央線快速JC09荻窪
92%
中央線快速JC24高尾
91%
中央線快速JC11吉祥寺
91%
中央線快速JC16国分寺
90%
中央線快速JC07高円寺
89%
中央線快速JC08阿佐ヶ谷
88%
中央線快速JC10西荻窪
87%
中央線快速JC17西国分寺
87%
中央線快速JC15武蔵小金井
85%
中央線快速JC18国立
85%
中央線快速JC21豊田
84%
中央線快速JC23西八王子
83%
中央線快速JC13武蔵境
82%
中央線快速JC20日野
78%
中央線快速JC14東小金井
77%

Score Distribution

Percentile by Number Answered

Percent of People with Each Score

Your Score History

You have not taken this quiz